000 00380nam a22001577a 4500
003 MACL
005 20151121132022.0
008 151121b xxu||||| |||| 00| 0 eng d
040 _cMACL
041 _aEnglish
082 _a630/SIN
100 _aSingh, Nagendra
_913814
245 _aBiodiversity For Sustainable Development
650 _aAgricultural
_96838
942 _2ddc
_cBK
999 _c50806
_d50806